ARRUPE JESUIT UNIVERSITY

CORONAVIRUS -STOP THE SPREAD - CLEAN,DISINFECT,COVER

The Routledge companion to aesthetics / (Record no. 121360)

MARC details
000 -LEADER
fixed length control field 01154cam a2200361 i 4500
001 - CONTROL NUMBER
control field 10448385
003 - CONTROL NUMBER IDENTIFIER
control field ARRUPE
005 - DATE AND TIME OF LATEST TRANSACTION
control field 20150106133045.0
008 - FIXED-LENGTH DATA ELEMENTS--GENERAL INFORMATION
fixed length control field 121012s2013 nyu b 001 0 eng
010 ## - LIBRARY OF CONGRESS CONTROL NUMBER
LC control number 2012041826
020 ## - INTERNATIONAL STANDARD BOOK NUMBER
International Standard Book Number 9780415782876 (pbk. : alk. paper)
024 ## - OTHER STANDARD IDENTIFIER
Standard number or code 99954963880
035 ## - SYSTEM CONTROL NUMBER
System control number (OCoLC)813220944
035 ## - SYSTEM CONTROL NUMBER
System control number (OCoLC)ocn813220944
035 ## - SYSTEM CONTROL NUMBER
System control number (NNC)10448385
040 ## - CATALOGING SOURCE
Original cataloging agency DLC
Description conventions rda
Transcribing agency DLC
Modifying agency OCLCO
-- YDXCP
-- NhCcYBP
042 ## - AUTHENTICATION CODE
Authentication code pcc
050 00 - LIBRARY OF CONGRESS CALL NUMBER
Classification number BH39
Item number .R677 2013
082 00 - DEWEY DECIMAL CLASSIFICATION NUMBER
Classification number 111/.85
Edition number 23
300 ## - PHYSICAL DESCRIPTION
Dimensions 26 cm.
245 04 - TITLE STATEMENT
Title The Routledge companion to aesthetics /
Statement of responsibility, etc edited by Berys Gaut and Dominic McIver Lopes.
250 ## - EDITION STATEMENT
Edition statement Third Edition.
300 ## - PHYSICAL DESCRIPTION
Extent xxii, 675 pages ;
490 1# - SERIES STATEMENT
Series statement Routledge philosophy companions
504 ## - BIBLIOGRAPHY, ETC. NOTE
Bibliography, etc Includes bibliographical references and index.
505 0# - FORMATTED CONTENTS NOTE
Formatted contents note History of aesthetics -- Aesthetic theory -- Issues and challenges.
650 #0 - SUBJECT ADDED ENTRY--TOPICAL TERM
Topical term or geographic name as entry element Aesthetics.
9 (RLIN) 12972
700 1# - ADDED ENTRY--PERSONAL NAME
Personal name Gaut, Berys Nigel.
9 (RLIN) 12973
700 1# - ADDED ENTRY--PERSONAL NAME
Personal name Lopes, Dominic.
9 (RLIN) 12974
830 #0 - SERIES ADDED ENTRY--UNIFORM TITLE
Uniform title Routledge philosophy companions.
9 (RLIN) 2900
942 ## - ADDED ENTRY ELEMENTS (KOHA)
Source of classification or shelving scheme Library of Congress Classification
Koha item type Monograph ( Printed materials)
948 1# - LOCAL PROCESSING INFORMATION (OCLC); SERIES PART DESIGNATOR (RLIN)
Series part designator, SPT (RLIN) 20131002
b (OCLC) c
c (OCLC) jeb52
d (OCLC) MPS
Holdings
Withdrawn status Lost status Source of classification or shelving scheme Damaged status Not for loan Collection code Home library Current library Shelving location Date acquired Total Checkouts Full call number Barcode Date last seen Date checked out Price effective from Koha item type
    Library of Congress Classification     Main Collection ARRUPE LIBRARY ARRUPE LIBRARY Main Collection 02/12/2014 5 BH39 .R677 2013 46500003552 11/04/2022 04/03/2022 02/12/2014 Monograph ( Printed materials)

 

Arrupe Library. PO Box MP320 Mt Pleasant, Harare, Zimbabwe
263 242 745411|librarian@aju.ac.zw